Normal view
MARC view
Entry Corporate Name
001 - CONTROL NUMBER
- control field: 24811
003 - CONTROL NUMBER IDENTIFIER
- control field: ARRUPE
005 - DATE AND TIME OF LATEST TRANSACTION
- control field: 20160811115429.0
008 - FIXED-LENGTH DATA ELEMENTS
- fixed length control field: 160811|| aca||aabn | a|a d
040 ## - CATALOGING SOURCE
- Original cataloging agency: ARRUPE
- Transcribing agency: ARRUPE
110 ## - HEADING--CORPORATE NAME
- Corporate name or jurisdiction name as entry element: Africa Faith and Justice Network.
670 ## - SOURCE DATA FOUND
- Source citation: Work cat.: (ARRUPE)0: Rau, Bill. 24807, Feast to famine :, c1985.